zpět

Detail výsledku týmu

Speciál UP, Olomouc

Datum a čas kvízu

33.5 Celkem bodů Celkový počet nahraných bodů na tomto kvízu bez doplňovacích otázek.
3. Pořadí na kvízu Konečné umístění týmu na tomto kvízu.

Zaznamenané odpovědi

# Otázka Odpověď Body Výsledky
1. Včera tomu byly dva měsíce, co... Robert Plaga 1
2. Jedna z českých univerzit se v... Česká zemědělská univerzita (ČZU) 0
3. V minulých týdnech proběhla na... generátor / dieselová elektrocentrála 1
4. V pátek čeká olomouckou univer... Erika Stárková 1
5. Léčivou sílu tance využívají n... Parkinsonova nemoc 1
6. Už příští týden zavítá na Univ... 2019-2024 0
7. V Evropě bychom aktuálně našli... Moldavsko a Slovinsko 0
8. Historicky první žena-preziden... Perón 1
9. První demokraticky zvolenou pr... Island 1
10. Prezidentky nemusí vládnout je... A), D) 0.5